La jaula por dentro

Uloženo v:
Podrobná bibliografie
Hlavní autor: Araya, Enrique (Autor)
Médium: Kniha
Jazyk:španělština
Vydáno: Santiago Artes y Letras 1955
Témata:
Tagy: Přidat tag
Žádné tagy, Buďte první, kdo vytvoří štítek k tomuto záznamu!

MARC

LEADER 00000nam a2200000 a 4500
001 UCQ6456
003 CL-VaPUC
008 981016e19550000CL |||||||||||||||||spa|d
082 0 4 |a Ch863  |b ARA  |2 21 
100 0 |a Araya, Enrique  |e author  |9 420338 
245 1 3 |a La jaula por dentro 
300 |a 180 p 
942 |c BK 
945 |d 19981016 00:00:00  |a crobeson 
260 |a Santiago  |b Artes y Letras  |c 1955 
650 0 |a Novelas chilenas   |9 265425 
650 0 |a Literatura chilena   |9 308278 
583 |a last modification  |c 19981016 00:00:00  |k Rodrigo Vera 
999 |c 276413  |d 276411 
952 |0 0  |1 0  |4 0  |6 CH_863_000000000000000_ARA_1955  |7 0  |8 A  |9 313629  |a BIBEDU  |b BIBEDU  |d 2019-11-20  |i 1481827  |o Ch863 ARA 1955  |p 1481827  |r 2019-11-20  |w 2019-11-20  |y BK  |k LIT